| 000 | 00902nam a22002897a 4500 | ||
|---|---|---|---|
| 001 | 6463 | ||
| 003 | FISKH | ||
| 005 | 20250506092010.0 | ||
| 008 | 250506b cb ||||| |||| 00| 0 eng d | ||
| 020 | _a078073001958 | ||
| 040 |
_aDLC _cDLC _dDLC _beng |
||
| 050 | _aPZ7.M3567585 B | ||
| 082 | _a813 | ||
| 100 | 1 |
_aMartin, Ann M., _d(1955-) |
|
| 245 | 1 | 0 |
_aBummer summer / _cAnn M. Martin. |
| 250 | _aThis edition first published in 1983 | ||
| 260 |
_aNew York : _bScholastic, _c1983. |
||
| 300 |
_a152 pages : _c20 cm. |
||
| 505 | _aJ | ||
| 520 | _aWhen twelve-year-old Kammy has difficulty accepting her new family after her father's remarriage, a summer at Camp Arrowhead helps her to put her home life in perspective. | ||
| 521 | 8 |
_a440
_bLexile |
|
| 521 | 8 |
_aJ
_bRaz-Plus |
|
| 650 | 1 |
_aRemarriage _xFiction. |
|
| 650 | 1 |
_aCamping _xFiction. |
|
| 942 |
_2ddc _cBK _n0 |
||
| 999 |
_c6463 _d6463 |
||